000 00606nam a2200217Ia 4500
005 20241129104300.0
008 241129s9999||||xx |||||||||||||| ||und||
020 _a9780745315904
037 _aTextual
040 _aRTL
_beng
_cRTL
041 _aeng
_2eng
084 _aRxNO1:g P6
_qRTL
100 _aMurray Martin
_9114811
245 0 _aJacques lacan: A critical introduction
_cMurray Martin
260 _aLondon
_bPluto press
_c2016
300 _aviii;214p.
365 _aINR
_bRs 2484.95
650 _aPhilosopy
_9725603
942 _cTB
_hRxNO1:g P6
999 _c1225213
_d1225213